000 00314nam a22001457a 4500
008 230706b ||||| |||| 00| 0 eng d
020 _a9780618966813
041 _aeng
080 _2FIFTH EDITION
_a51
082 _a51AUF
100 _a23
101 _aMATE
245 _aPREALGEBRA
_cAUFMANN
942 _2udc
_cBK
999 _c60098
_d60098